000 01434nam a2200217Ia 4500
003 Ost
005 20260507075722.0
008 260507s9999||||xx |||||||||||||| ||und||
020 _a9789931748090
040 _cfsecg
041 _aara
082 _a342.06
100 _aدريدش، حلمي
_eمؤلف
245 0 _aمدخل إلى الضبط الإداري :
_bمرجع عملي لممارسي الضبط الإداري /
_c حلمي دريدش
260 _aالجزائر:
_bدار الباحث للنشر والاشهار,
_c2019
300 _a182 صفحة؛
_bإيضاحات ؛
_c24 سم
504 _aمراجع ص.188
520 _aمدخل إلى القانون الإداري،التنظيم الإداري في الجزائر،قانون البلدية وتنظيم البلدية،مفهوم ومجالات الشرطة الادارية،شرطة الصحة العمومية،شرطة الصيد البحري والجوي،شرطة المتفجرات والأجانب-المسافرين والمهاجرين، شروط ممارسة الأنشطة التجاريةالقارة وغير القارة، معاينة المخالفات الجمركية،شرطة الغابات،الأحزاب السياسية، مخطط الاسعاف والانقاذ، خدمة النظام وإعادة النظام وحفظ النظام وإعادة النظام.
653 _aالقانون الاداري
942 _cكتاب
999 _c45946
_d45946